00663 2200241 4500001002100000005001500021035002000036007000300056008004100059020002200100082001100122084001700133100001800150245008600168250001000254260003400264300003400298650001800332700002000350700001800370856001700388990001600405INLIS00000000000069020221223101209 a0010-1222000130ta221223 g f ind  a978-602-385-963-4 a838.72 a838.72 JOS b0 aJohn Malerman1 aBird Box /cJosh Malerman; Penerjemah, Ingrid Nimpoeno; Penyunting, Yuli Pritania aCet.1 aJakarta :bNoura Books,c2019 a2019 :bIlus ;c21 x 14 cme- 4aKesusasteraan0 aIngrid Nimpoeno0 aYuli Pritania a838.72 JOS b a4754/P-2022